000 00459cam a2200181ua 4500
001 11127
005 20260515114716.0
008 190827n ii |||gr||||Z||||||eng
040 _cMAIN
041 _aeng
082 _a891.431
100 _aSatyakam Vidyalakar,
_eEditor.
245 _aKavya sushma
_cEd by Satyakam Vidyalakar
260 _aDelhi:
_bNaya sahitya,
_c2001.
300 _a63p.
653 _aEast Indo-European & Celtic literatures
942 _cBK
999 _c9980
_d9980